| 000 | 00476nam a2200157Ia 4500 | ||
|---|---|---|---|
| 003 | GCL | ||
| 005 | 20240530102331.0 | ||
| 008 | 140319s9999 xx 000 0 ara d | ||
| 040 |
_aGCL / _cGCL |
||
| 082 | 0 | 4 |
_a370.1 _bج م |
| 100 | 0 | _aجابر عبدالحميد جابر | |
| 245 | 1 | 0 |
_aمهارات البحث التربوى / _cجابر عبدالحميد جابر |
| 260 |
_a[S.N] : _bدار النهضة العربية ، _c1993 |
||
| 300 | _a603 ص | ||
| 942 |
_2ddc _cBK |
||
| 999 |
_c31495 _d31495 |
||